| 000 | 00387nam a22001337a 4500 | ||
|---|---|---|---|
| 082 |
_a372.623 _bMCC _cL-29, P-104 |
||
| 100 |
_aMc Crimmon , James M _938287 |
||
| 245 | _aA First Course in College compsition | ||
| 250 | _a2nd ed | ||
| 260 |
_aCambrioge _bThe Riversioe Press _c1957 |
||
| 300 |
_axiv, 606 p: _bill : _c30 Cm |
||
| 526 |
_a0 _b0 _c0 _d372_623000000000000_MCC |
||
| 942 |
_2ddc _cBK |
||
| 999 |
_c542925 _d542925 |
||